| 000 | 01723nam0a2200313 4500 | ||
|---|---|---|---|
| 001 | RU\NLR\bibl\1048640 | ||
| 005 | 20260405171146.0 | ||
| 021 |
_aRU _b2006-87908 _94453 |
||
| 035 | _a(NLR Aleph) 001035972 | ||
| 090 |
_a788446 _c788446 |
||
| 100 | _a20070220d2006 |||y0rusy50 ca | ||
| 101 | 0 | _arus | |
| 102 | _aRU | ||
| 105 | _aa ||||||||| | ||
| 200 | 1 |
_aОбщая химическая технология _eучебно-методическое пособие для студентов специальности 240406 Технология химической переработки древесины _fВ.И. Азаров, А.Н. Зарубина, Ю.В. Сердюкова _gГос. образоват. учреждение высш. проф. образования "Моск. гос. ун-т леса" |
|
| 210 |
_aМосква _cИзд-во Московского государственного университета леса _d2006 |
||
| 215 |
_a37 с. _cил. _d21 |
||
| 320 | _aБиблиогр.: с. 36 (11 назв.) | ||
| 606 | 1 |
_aХимическая технология _jУчебно-методические пособия для высших учебных заведений _9920483 _3RU\NLR\auth\6618406 |
|
| 686 | _aЛ10я73-1 | ||
| 700 | 1 |
_4070 _8rus _7ca _aАзаров _bВ. И. _f1936- _gВасилий Ильич _3RU\NLR\auth\7772841 _955769 |
|
| 701 | 1 |
_4070 _7ca _8rus _aЗарубина _bА. Н. _gАнжелла Николаевна _9243937 _3RU\NLR\AUTH\770243993 |
|
| 701 | 1 |
_aСердюкова _bЮ. В. _gЮлия Владимировна _4070 |
|
| 801 | 0 |
_aRU _bNLR _c20070220 _gRCR |
|
| 801 | 1 |
_aRU _bNLR _c20070220 |
|
| 942 | _cBOOK | ||
| 980 | _aNB | ||